Reklama z hľadiska DPH

Reklama a jej význam. Pojem reklamnej služby nedefinuje Smernica č. 2006/112/ES a ani národná legislatíva. Spory členských krajín s komisiou, ktoré riešil ESD. Miesto dodania reklamnej služby. Prenos daňovej povinnosti. Zaplatenie preddavku za reklamnú službu. Deň vzniku daňovej povinnosti. Predmeto...

ver descrição completa

Na minha lista:
Detalhes bibliográficos
Autor principal: Ondreášová, Zuzana
Formato: Capítulo de Livro
Idioma:eslovaco
Assuntos:
Tags: Adicionar Tag
Sem tags, seja o primeiro a adicionar uma tag!

MARC

LEADER 00000naa$a2200000$$$4500
001 0089500
005 20231106074108.2
041 0 |a slo 
044 |a SK 
245 1 0 |a Reklama z hľadiska DPH  |c Zuzana Ondreášová 
520 |a Reklama a jej význam. Pojem reklamnej služby nedefinuje Smernica č. 2006/112/ES a ani národná legislatíva. Spory členských krajín s komisiou, ktoré riešil ESD. Miesto dodania reklamnej služby. Prenos daňovej povinnosti. Zaplatenie preddavku za reklamnú službu. Deň vzniku daňovej povinnosti. Predmetom slovenskej DPH totiž môže byť len taká reklamná služba, ktorej miesto dodania je v tuzemsku. 
610 2 0 |a reklama 
610 2 0 |a zdaňovanie 
610 2 0 |a dane z hodnoty pridanej 
610 2 0 |a Slovensko 
100 1 |a Ondreášová, Zuzana